|
|
|
|
| LEADER |
00000cam a2200000 a 4500 |
| 001 |
vtls011710450 |
| 003 |
SK-MaSNL |
| 005 |
20260301043744.0 |
| 008 |
240318s2017 xo oab j e 001 0 slo |
| 015 |
|
|
|a SNBA2018/01
|
| 020 |
|
|
|a 9788056700945
|q (viaz.)
|
| 035 |
|
|
|a urn:nbn:sk:snk-am00d0ks
|
| 035 |
|
|
|a urn:nbn:sk:snk-am3hhkm
|
| 035 |
|
|
|a E07C7522-109E-4DA3-9848-10F8AAD19A0D
|
| 040 |
|
|
|a SNK
|b slo
|c SNK
|e AACR2
|
| 041 |
1 |
|
|a slo
|h eng
|
| 044 |
|
|
|a xo
|c SK
|
| 072 |
|
7 |
|a 56
|x Paleontológia
|2 konspekt
|
| 072 |
|
7 |
|a 0/9-053.2
|x Literatúra pre deti a mládež (náučná)
|2 konspekt
|
| 080 |
|
|
|a 598.192
|2 2011
|
| 080 |
|
|
|a (031)
|2 2011
|
| 080 |
|
|
|a (0.05)
|2 2011
|
| 080 |
|
|
|a 56
|2 2011
|
| 080 |
|
|
|a 562/564
|2 2001
|
| 080 |
|
|
|a (084.11)
|2 2011
|
| 100 |
1 |
|
|a Benton, Michael J.,
|d 1956-
|4 aut
|9 126029
|
| 245 |
1 |
0 |
|a Dinosaury
|b encyklopédia : [spoznaj veci okolo seba]
|c Mike Benton ; [preklad Martin Lukáč ; doplnkové preklady Jitka Madarásová]
|
| 250 |
|
|
|a 1. slov. vyd.
|
| 260 |
|
|
|a Bratislava
|b Svojtka & Co.
|c 2017
|
| 300 |
|
|
|a 159 s.
|b fareb. fotogr., ilustr., mp.
|c 28 cm
|
| 500 |
|
|
|a Preložené z anglického vydania
|
| 504 |
|
|
|a Register ; slovník
|
| 650 |
0 |
7 |
|a dinosaury
|2 SNKPH
|9 31671
|
| 650 |
0 |
7 |
|a Dinosaurs
|2 SNKPHeng
|9 286425
|
| 650 |
0 |
7 |
|a paleontológia
|2 SNKPH
|9 50721
|
| 650 |
0 |
7 |
|a Paleontology
|2 SNKPHeng
|9 267253
|
| 650 |
0 |
7 |
|a fosílne živočíchy
|2 SNKPH
|9 78232
|
| 650 |
0 |
7 |
|a Fossil animals
|2 SNKPHeng
|9 349107
|
| 655 |
|
7 |
|a encyklopédie
|2 SNKPH
|9 28776
|
| 655 |
|
7 |
|a publikácie pre deti
|2 SNKPH
|9 70148
|
| 655 |
|
7 |
|a Encyclopedias
|2 SNKPHeng
|9 90422
|
| 655 |
|
7 |
|a Children's literature
|2 SNKPHeng
|9 276039
|
| 655 |
|
7 |
|a Pictorial works
|2 SNKPHeng
|9 284468
|
| 655 |
|
7 |
|a obrazové publikácie
|2 SNKPH
|9 70343
|
| 700 |
1 |
|
|a Lukáč, Martin,
|d 1971 október 31.-
|4 trl
|9 226447
|
| 700 |
1 |
|
|a Madarásová, Jitka
|4 trl
|9 207448
|
| 730 |
0 |
|
|a Kingfisher dinosaur encyclopedia
|l Slovensky
|9 349108
|
| 852 |
|
|
|a Štátna vedecká knižnica v Banskej Bystrici
|
| 919 |
|
|
|a 978-80-567-0094-5
|
| 958 |
|
|
|a DB
|
| 958 |
|
|
|a OP
|
| 968 |
|
|
|b ENG
|
| 999 |
|
|
|c 594328
|d 596258
|
| 952 |
|
|
|a SNK
|b SNK
|y PREZ
|7 0
|p 17A1305698
|o snkSB 92226
|i snk2017/26808
|8 0
|0 0
|1 0
|4 0
|d 2017-12-04
|f 1
|l 0
|r 2025-05-13 00:00:00
|w 2026-02-23
|
| 952 |
|
|
|a SNK
|b SNK
|y VYP
|7 0
|p 17A1305699
|o snkSB 92226 D1
|i snk2017/26809
|8 0
|0 0
|1 0
|4 0
|d 2017-12-04
|l 0
|r 2026-02-23 15:34:44
|w 2026-02-23
|